000 00298nam a22001217a 4500
999 _c169341
_d169341
082 _a
_b
100 _aLawrence D'souza
245 _aAutobiography in indian english writing in english/
_cby Lawrence D'souza.
260 _a
_bCyber Tech,
_c2009.
300 _a264p.
650 _a
942 _cBK